00827nam a22002537a 450000500170000001000130001702000230003003500130005303700160006604000120008208200160009411000430011024500350015324600060018826000460019427000480024030000260028850000200031465000450033465000230037994200250040299900190042795201270044620170124110253.0 aB-041394 c750.00a8120317742 aB-041394 bCen Lib/Ret aDPLbEN a004.64bMIC aMIcro Modeling Associates, Inc.999979 aMicrosoft commerce solutions / b  aNew Delhi bPrentice Hall of India c2001 bNew Delhi aM-97, Connaught circus e110001 axiii, 732p.c23cm(Hb) aIncludes index  aComputer science -- Web commerce 999980 aE-commerce 999981 2ddccENh004.64mMIC c135991d135991 00104070aLbLd2015-10-12eCen Lib/Retg750.00l0o004.64 MICpB-041394r2015-10-12 00:00:00t1v750.00w2015-10-12yEN